The noble scholar, jurist, historian


 His Excellency Dr. Abdul Wahhab bin Ibrahim Abu Sulaiman, may Allah have mercy on him.


 He was born in Umm Al-Qura in the year 1356 AH.

التقرير الإداري والمالي للصناديق والمشاريع الوقفية / (Record no. 13996)

MARC details
000 -LEADER
fixed length control field 00999cam a22002291i 4500
003 - CONTROL NUMBER IDENTIFIER
control field SA-RiAUC
005 - DATE AND TIME OF LATEST TRANSACTION
control field 20260112053955.0
008 - FIXED-LENGTH DATA ELEMENTS--GENERAL INFORMATION
fixed length control field 260111s1996 ku f f000 0 ara c
040 ## - CATALOGING SOURCE
Original cataloging agency SA-JeALM
Language of cataloging ara
Transcribing agency SA-RiAUC
Description conventions rda
043 ## - GEOGRAPHIC AREA CODE
Geographic area code a-ku---
082 04 - DEWEY DECIMAL CLASSIFICATION NUMBER
Classification number 346.53805
090 ## - LOCALLY ASSIGNED LC-TYPE CALL NUMBER (OCLC); LOCAL CALL NUMBER (RLIN)
Classification number (OCLC) (R) ; Classification number, CALL (RLIN) (NR) 346.53805
Local cutter number (OCLC) ; Book number/undivided call number, CALL (RLIN) ا م ا
110 2# - MAIN ENTRY--CORPORATE NAME
Corporate name or jurisdiction name as entry element الأمانة العامة للأوقاف (الكويت)
Relator term مؤلف.
245 12 - TITLE STATEMENT
Title التقرير الإداري والمالي للصناديق والمشاريع الوقفية /
Statement of responsibility, etc. الأمانة العامة للأوقاف، وزارة الأوقاف والشؤون الإسلامية.
264 #1 - PRODUCTION, PUBLICATION, DISTRIBUTION, MANUFACTURE, AND COPYRIGHT NOTICE
Place of production, publication, distribution, manufacture الكويت :
Name of producer, publisher, distributor, manufacturer الأمانة العامة للأوقاف،
Date of production, publication, distribution, manufacture, or copyright notice [1997]
300 ## - PHYSICAL DESCRIPTION
Extent 113 صفحة
Other physical details صور وايضاحات .
Dimensions 28 سم.
336 ## - CONTENT TYPE
Content type term نص
Content type code txt
Source rdacontent
Materials specified كتاب
337 ## - MEDIA TYPE
Media type term بدون وسيط
Media type code n
Source rdamedia
650 #7 - SUBJECT ADDED ENTRY--TOPICAL TERM
Topical term or geographic name entry element الوقف
General subdivision قوانين وتشريعات
Geographic subdivision الكويت
Source of heading or term aucsh
942 ## - ADDED ENTRY ELEMENTS (KOHA)
Source of classification or shelving scheme Dewey Decimal Classification
Koha item type Books
Suppress in OPAC No
949 ## - LOCAL PROCESSING INFORMATION (OCLC)
a SA-JeALM
d 260111
u osman123
n 1
Holdings
Withdrawn status Lost status Source of classification or shelving scheme Damaged status Not for loan Home library Current library Date acquired Total checkouts Full call number Barcode Date last seen Price effective from Koha item type
    Dewey Decimal Classification     DR AbdElwahab Library DR AbdElwahab Library 01/12/2026   346.53805 ا م ا 000022402 01/12/2026 01/12/2026 Books